Normal view
MARC view
- Health insurence
Entry Topical Term
001 - CONTROL NUMBER
- control field: 4116
003 - CONTROL NUMBER IDENTIFIER
- control field: OSt
005 - DATE AND TIME OF LATEST TRANSACTION
- control field: 20101211115053.0
008 - FIXED-LENGTH DATA ELEMENTS
- fixed length control field: 101211|||a|||||| | ||| d
040 ## - CATALOGING SOURCE
- Original cataloging agency: OSt
- Transcribing agency: OSt
150 ## - HEADING--TOPICAL TERM
- Topical term or geographic name as entry element: Health insurence
670 ## - SOURCE DATA FOUND
- Source citation: Work cat.: (OSt): Farris, Judith Adams Pre 4113, Instructors resource guide to accompany hodgetts personal financeial management, 1983
670 ## - SOURCE DATA FOUND
- Source citation: Work cat.: (OSt): Farris, Judith Adams Pre 4113, Instructors resource guide to accompany hodgetts personal financeial management, 1983
